000 00679nam a22002177a 4500
001 4369
003 FISKH
005 20240813103923.0
008 240813b cb ||||| |||| 00| 0 eng d
040 _aFISKH
_beng
_cFISKH
_dFISKH
050 _aPZ7.B27539
082 _a823.912
100 _aBarrie, J. M.
245 _aPeter Pan and Wendy /
_cBy J.M, Barrie
260 _aPhnom Penh :
_bFootprints International School,
_c2024.
300 _a142 pages :
_c21 cm
520 _aThe adventures of the three Darling children in Never-Never Land with Peter Pan, the boy who would not grow up.
650 _aAdventure
_vFantasy
_xNovel
942 _2ddc
_cBK
_n0
999 _c4369
_d4369